[Event "Coro IRT 489 Anniv"]
[Site "Coro"]
[Date "2016.09.03"]
[Round "3"]
[White "Soto, Dario Alejandro"]
[Black "Torrealba Ortiz, Edgar Jesus"]
[Result "1-0"]
[WhiteElo "1827"]
[BlackElo "1927"]
[PlyCount "103"]
[EventDate "2016.09.02"]
[EventType "swiss"]
[EventRounds "6"]
[EventCountry "VEN"]
[SourceTitle "EXT 2022"]
[Source "ChessBase"]
[SourceDate "2021.10.06"]
[SourceVersion "1"]
[SourceVersionDate "2021.10.06"]
[SourceQuality "1"]

1. d4 Nf6 2. c4 c6 3. Nc3 d5 4. cxd5 cxd5 5. Bf4 g6 6. e3 a6 7. Be2 Bg7 8. Nf3 Nc6 9. h3 0-0 10. 0-0 e6 11. Na4 Ne4 12. Rc1 Bd7 13. a3 Rc8 14. b4 Na7 15. Nc5 Bc6 16. a4 Qe8 17. Qb3 Nxc5 18. bxc5 Qd7 19. Ra1 f6 20. Qb6 Ra8 21. Qb4 Nc8 22. Rfd1 Re8 23. Bg3 Ne7 24. Bd3 Rac8 25. Bc2 Kf7 26. Nd2 Nf5 27. Bxf5 gxf5 28. Nb3 e5 29. Na5 Re7 30. Bh4 Re6 31. Rdb1 Rc7 32. Bg3 Re7 33. Rb2 h6 34. Qb3 Kg6 35. Nxc6 Qxc6 36. Rab1 Kf7 37. f3 Qe6 38. Qc2 Qc8 39. Rb6 Re6 40. Qxf5 Rxb6 41. Qh5+ Kf8 42. Rxb6 Qe8 43. Qf5 Qe7 44. Qc2 Rc6 45. Rb4 Kf7 46. Bh4 Ke8 47. Qb1 Rc7 48. Rb6 Kf7 49. Qb3 Bf8 50. Rxf6+ Kg7 51. Qc2 Qe8 52. Qf5 1-0